MDQL
is popping MORE tags! Check the
thread
!
Quizzes
Events
Quiz Creation
Community
Videos
Private Events
Remove Ads
Sign In
Join for FREE
Feedback
Dark Mode
Quiz Categories
Sports
Geography
Music
Movies
Television
Just For Fun
Miscellaneous
History
Literature
Language
Science
Gaming
Entertainment
Religion
Holiday
For Kids
Quiz Lab
Recent
Popular Today
Quiz Kudos Today
Editor Picks
Curator Picks
Quizzes by...
Day
Popularity
Type
Ratings
Length
Year
Community
Subscriptions
Recent Discussions
Orange Saloon
Badges
Playlists
Quests
Create
Leaderboards
Showdown
Live 5
Trivia Bingo
Activity
Puzzle Library
Sporcle Events
Private Events
Virtual Trivia
Globe League
Become a Host
Pub Owners
SporcleCon
Opinionation
Our Games
Videos
Blog
Mobile Apps
Partnerships
Remove Ads and Go Orange
Feedback
Just For Fun
Clickable
Get the Picture
Humor
Quick Pick
Word Ladder
Missing Word
Mixed Word
Blitz
Minefield
This or That
Alphabet
Color
Typing
Sporcle
Puzzle
Word Play
Follow That Line
Logic
Just For Fun
Clickable
Get the Picture
Humor
Quick Pick
Word Ladder
Missing Word
Mixed Word
Blitz
Minefield
This or That
Alphabet
Color
Typing
Sporcle
Puzzle
Word Play
Follow That Line
Logic
Random Quiz
Search Sporcle
×
Quiz Lab
Quiz Lab
Just For Fun
start
Type in answers that appear in a list
Type in answers that appear in a list
Classic
Best Score? Go Orange.
Can You Double It??? Stats
Can you name the Can You Double It????
By
james23tennman
10m
31 Questions
365 Plays
365 Plays
365 Plays
Comments
Comments
Give Quiz Kudos
Give Quiz Kudos
-
- Ratings
hide this ad
Forced Order
Answers have to be entered in order
Answers have to be entered in order
Replay
Link that replays current quiz
Next Quiz
Link to next quiz in quiz playlist
You Got
0%
They Got
Avg Score
70%
Avg Friend Score
Upgrade to see
Score Distribution
Jump to the score distribution portion of the page
Score
0/31
Timer
10:00
0
Plays Today
Start With 1 & Double It
% Correct
1
100%
2
100%
4
99.7%
8
99.7%
16
99.5%
32
99.5%
64
99.5%
128
98.6%
256
95.9%
512
94%
1024
93.2%
2048
92.9%
4096
91.2%
8192
84.7%
16384
76.4%
32768
69.9%
Start With 1 & Double It
% Correct
65536
62.5%
131072
57%
262144
56.4%
524288
55.6%
1048576
53.4%
2097152
51.2%
4194304
50.1%
8388608
49%
16777216
47.1%
33554432
33.7%
67108864
33.4%
134217728
32.1%
268435456
32.1%
536870912
30.4%
1073741824
29.9%
Quiz Playlist
Details
Report
Send in Message
Add To Playlist
Classic:
Type in answers that appear in a list
Forced Order:
Answers have to be entered in order
Last Updated: Feb 16, 2017
Quiz Scoreboard
CHALLENGE
Sign Up to Join the Scoreboard
Show All
Scores
Hide
Comments
May contain spoilers
Recently Published
5x2 Blitz: Bands
by SL_Kpop136
Music
30s
Colored Red Africa Blitz
by spor1
Geography
30s
Find the 'City' Movie
by crazypaving
Movies
60s
More to Explore
Quiz From the Vault
Featured Blog Post
14 Easter Pick-up Lines to Find Eggs With
hide this ad
You Might Also Like...
Tags
double
start
Today's Top Quizzes in Just For Fun
Browse Just For Fun
hide this ad
Today's Top Quizzes in start
Browse start
Top Contributed Quizzes in Just For Fun
1
Name Just One - 10 to 1: Just For Fun
2
Missing Word: 2-Letter A-Z II
3
Survivor Winners Logic Puzzle
4
Avatar the Last Airbender: Logic Puzzle
5
Quick 5-Color Logic (18)
6
Shadowhunters Protagonists Logic Quiz
7
Medium Renzoku Puzzle 11
8
Killer Double Trees 224 - Colour Match-Up
9
Missing Word: 'Of' Things A-Z
10
Ultimate Minefield Blitz VIII
Explore More
Trending Topics
Marvel
Kpop
Anime
Harry Potter
Disney
Crossword
NBA
WWE
Soccer
NFL
Song
Puzzle
The Office
Country
Pokémon
hide this ad
More By:
james23tennman
Quiz
Plays
Rating
Category
Featured
Created
NCAA Most Career Rushing Yards (D-1)
4,227
4.20
Sports
Oct 22, 2009
How many times can you type your name?
814
1.82
Just For Fun
Oct 22, 2009
Fantasy Football 09 Dream Team
789
3.25
Sports
Dec 10, 2009
Can You Double It???
365
2.47
Just For Fun
Oct 22, 2009
NCAA Most Rushing Yards In A Game (D-1)
298
5.00
Sports
Oct 21, 2009
Go to Creator's Profile
Score Distribution
Quiz Creator Spotlight
james23tennman
Follow
Send a Message
Quizzes Created
-
Created Quiz Play Count
-
More By This Creator
Popular Quizzes Today
1
Find the 'City' Movie
2
Colored Red Africa Blitz
3
Find the US States - No Outlines Minefield
4
5x2 Blitz: Bands
5
The Countries of the World
6
Find the US States
7
US States
8
9x9 Crossword: Cartoon Network
More Just For Fun Quizzes
Word Ladder: Olsen Twins
Published
Trending Quizzes
Colored Red Europe Blitz I
Colored Red Africa Blitz II
Colored Red Europe Blitz II
Colored Red Africa Blitz III
Colored Red Europe Blitz III
Recently Updated
2024 March Madness Bracket
pecheneg
Famous TV Couples
Peacemaker
Champions League XIs: Real Madrid
pecheneg
Largest US Cities 1790-2010
pecheneg
Rides in Walt Disney World
pecheneg
Most Oscar Losses (Acting)
pecheneg
Beyoncé Albums
pecheneg
Leaping Animals
pecheneg
Reality TV Shows (A-Z)
bhenderson79
Rickey Henderson's Hall of Fame Teammates
pecheneg
Trending Topics
Marvel
Harry Potter
Disney
NBA
Crossword
Kpop
Anime
Pokémon
NFL
Country
Soccer
The Office
Puzzle
WWE
Song
Your Account Isn't Verified!
In order to create a playlist on Sporcle, you need to verify the email address you used during registration. Go to your
Sporcle Settings
to finish the process.
Report this User
Report this user for behavior that violates our
Community Guidelines
.
Details:
Send Report
Go to the Sporcle.com Mobile Site →
Comments